| 000 | 00608nam a2200169Ia 4500 | ||
|---|---|---|---|
| 003 | GCL | ||
| 008 | 140319s9999 xx 000 0 ara d | ||
| 040 |
_aGCL / _cGCL |
||
| 082 | 0 | 4 |
_a022 _bا ا |
| 100 | 1 | _aامنية مصطفى صادق | |
| 245 | 1 | 0 |
_aادارة الازمات والكوارث فى المكتبات / _cامنية مصطفى صادق |
| 260 |
_aالقاهرة : _bالدار المصرية اللبنانية ، _c2002 |
||
| 300 |
_a195 ص ؛ _c24 سم |
||
| 650 | 0 | 4 | _aالمكتبات - تنظيم وادارة |
| 650 | 0 | 4 | _aالمكتبات - مبانى - صيانة |
| 942 |
_2ddc _cBK |
||
| 999 |
_c5168 _d5168 |
||